000 00749nam a2200253 4500
001 12713
003 ES-MaACL
005 20251120063120.0
007 t|
008 000000s1983 sp ||||0| gao
016 7 _zIBH8405820248
020 _a84-7507-056-6
040 _aIBH
_bspa
_cM-BN-DP
080 _a869.9-34"19"
100 1 _aMéndez Ferrín, X. L.,
_d1938-
_980151
245 1 0 _aAmor de Artur
_b: e novos contos con Tagen Ata ao lonxe /
_cX. L. Méndez Ferrín.
250 _a2ª ed.
260 _aVigo :
_bXerais de Galicia,
_c1983.
300 _a193 p. ;
_c16 cm.
490 1 _aGrandes mestres ;
_v5
830 0 _aGrandes mestres ;
_v5
_9228329
852 _aES-MaACL
_jL-20137
_bR.115545
999 _c12713
_d12713